header

Psychiatric mental health nursing (Record no. 258380)

MARC details
000 -LEADER
fixed length control field 00443nam a22001697a 4500
003 - CONTROL NUMBER IDENTIFIER
control field OSt
005 - DATE AND TIME OF LATEST TRANSACTION
control field 20200611145237.0
008 - FIXED-LENGTH DATA ELEMENTS--GENERAL INFORMATION
fixed length control field 200611b xxu||||| |||| 00| 0 eng d
040 ## - CATALOGING SOURCE
Transcribing agency n/a
050 ## - LIBRARY OF CONGRESS CALL NUMBER
Classification number RC440
Item number .P7338 2008
100 ## - MAIN ENTRY--PERSONAL NAME
Personal name Fortinash Katherine M.
245 ## - TITLE STATEMENT
Title Psychiatric mental health nursing
250 ## - EDITION STATEMENT
Edition statement 4th.Edn.
260 ## - PUBLICATION, DISTRIBUTION, ETC. (IMPRINT)
Place of publication, distribution, etc St. Louis, Mo. ; London
Name of publisher, distributor, etc : Mosby Elsevier,
Date of publication, distribution, etc c2008.
300 ## - PHYSICAL DESCRIPTION
Extent xx,716p
942 ## - ADDED ENTRY ELEMENTS (KOHA)
Source of classification or shelving scheme Library of Congress Classification
Koha item type Long Loan Books
Holdings
Withdrawn status Lost status Source of classification or shelving scheme Damaged status Not for loan Collection code Home library Current library Shelving location Date acquired Total Checkouts Full call number Barcode Date last seen Price effective from Koha item type
    Library of Congress Classification     Non-fiction Rongo University Library Rongo University Library General Stacks 11/06/2020   RC440 .P7338 2008 201613466 11/06/2020 11/06/2020 Long Loan Books

© 2026 Rongo University
Contact us: librarian | system librarian | Rongo university